00240nam a2200097Ia 4500008004100000100001700041245003700058260003100095300000800126650000800134191201s2017 xx 000 0 und d aSINGLA, R.K. 0aBusiness Organisation B.Com sem1 aN. DelhibV.K Globalc2017 a284 aBBA